| 000 | 00351nam a22001217a 4500 | ||
|---|---|---|---|
| 082 | _a200 THE | ||
| 100 |
_aMadeha Arif _970467 |
||
| 245 | _aTH-SOF-1496-Predicting Helpfulness of Online Reviews | ||
| 260 |
_aIslamabad _bNUST College of EME _c2018 |
||
| 650 |
_a MS-CSE-15 MSTHESIS _969366 |
||
| 700 |
_aSupervisor Dr. Usman Qamar _969693 |
||
| 942 | _cCF | ||
| 999 |
_c577446 _d577446 |
||